Catálogo

Ética de la inteligencia artificial : (Registro nro. 42030)

Detalles MARC
000 -LEADER
fixed length control field 01364cam a2200349 i 4500
001 - CONTROL NUMBER
control field 42030
003 - CONTROL NUMBER IDENTIFIER
control field Mx-PuUPA
005 - DATE AND TIME OF LATEST TRANSACTION
control field 20251105162720.0
008 - FIXED-LENGTH DATA ELEMENTS--GENERAL INFORMATION
fixed length control field 140415s2024 sp a gr 001 0 spa d
017 ## - COPYRIGHT OR LEGAL DEPOSIT NUMBER
Copyright or legal deposit number B-13.869-2024
020 ## - INTERNATIONAL STANDARD BOOK NUMBER
International Standard Book Number 9788425450655
040 ## - CATALOGING SOURCE
Original cataloging agency Mx-PuUPA
Language of cataloging spa
Transcribing agency Mx-PuUPA
Modifying agency Mx-PuUPA
Description conventions rda
041 1# - LANGUAGE CODE
Language code of text/sound track or separate title spa
Language code of original eng
100 1# - MAIN ENTRY--PERSONAL NAME
Personal name Floridi, Luciano,
Dates associated with a name 1964-
Relator term autor
9 (RLIN) 15563
240 14 - UNIFORM TITLE
Uniform title The Ethics of Artificial Intelligence.
Language of a work Español
245 10 - TITLE STATEMENT
Title Ética de la inteligencia artificial :
Remainder of title principios, retos y oportunidades /
Statement of responsibility, etc. Luciano Floridi, traducción de Javier Anta
264 #1 - PRODUCTION, PUBLICATION, DISTRIBUTION, MANUFACTURE, AND COPYRIGHT NOTICE
Place of production, publication, distribution, manufacture Barcelona, España :
Name of producer, publisher, distributor, manufacturer Herder,
Date of production, publication, distribution, manufacture, or copyright notice ©2024
300 ## - PHYSICAL DESCRIPTION
Extent 461 páginas :
Other physical details ilustraciones, gráficas, tablas (blanco y negro) ;
Dimensions 22 cm
336 ## - CONTENT TYPE
Fuente rdacontent
Content type term texto
Content type code txt
337 ## - MEDIA TYPE
Source rdamedia
Media type term sin medio
Media type code n
338 ## - CARRIER TYPE
Source rdacarrier
Carrier type term volumen
Carrier type code nc
490 0# - SERIES STATEMENT
Series statement Biblioteca de Filosofía
650 #7 - SUBJECT ADDED ENTRY--TOPICAL TERM
Source of heading or term armarc
9 (RLIN) 13986
Topical term or geographic name entry element Inteligencia artificial
General subdivision Aspectos morales y éticos
650 #7 - SUBJECT ADDED ENTRY--TOPICAL TERM
Source of heading or term armarc
Topical term or geographic name entry element Ética profesional
650 #7 - SUBJECT ADDED ENTRY--TOPICAL TERM
Source of heading or term armarc
Topical term or geographic name entry element Aprendizaje automático (Inteligencia artificial)
650 #7 - SUBJECT ADDED ENTRY--TOPICAL TERM
Source of heading or term armarc
Topical term or geographic name entry element Teoría de las máquinas
700 1# - ADDED ENTRY--PERSONAL NAME
Personal name Anta, Javier,
Relator term traductor
765 0# - ORIGINAL LANGUAGE ENTRY
Main entry heading Floridi, Luciano
Title The Ethics of Artificial Intelligence
942 ## - ADDED ENTRY ELEMENTS (KOHA)
Source of classification or shelving scheme Dewey Decimal Classification
Koha item type Libro
Classification part 006.301
Item part F6218
Existencias
Withdrawn status Lost status Source of classification or shelving scheme Damaged status Not for loan Collection code Home library Current library Shelving location Date acquired Source of acquisition Total Checkouts Total Renewals Full call number Barcode Checked out Date last seen Date last checked out Price effective from Koha item type
    Dewey Decimal Classification     Magisterial Biblioteca Karol Wojtyla Biblioteca Karol Wojtyla Módulo de circulación 03/12/2013 Compra 1 1 006.301 F6218 2024 63337 17/02/2027 10/11/2025 10/11/2025 03/12/2013 Magisterial